000 00387nam a22001577a 4500
999 _c66
_d66
005 20211210121115.0
008 160426b xxu||||| |||| 00| 0 eng d
020 _a81-203-0925-1
041 _aeng
082 _b00187
100 _aBlack, Uyless D.
_991
245 _aData Communications and Distributer Networks
260 _aNew Delhi
_bPHI Pvt Ltd.
_c2001
300 _a426
942 _cBK